Statistics for Instruments by Picture

Click here to take the quiz!

General Stats

  • This quiz has been taken 61 times
  • The average score is 18 of 21

Answer Stats

Answer% Correct
Violin
100%
Guitar
98%
Piano
98%
Trumpet
98%
Clarinet
96%
Cello
93%
Triangle
93%
Oboe
91%
Trombone
91%
Tuba
91%
Xylophone
91%
Flute
89%
Bassoon
85%
Viola
85%
Cowbell
83%
French Horn
83%
Bass Drum
78%
Double Bass
76%
Drum Set
65%
Bongos
39%
Panpipes
31%

Score Distribution

Percentile by Number Answered

Percent of People with Each Score

Your Score History

You have not taken this quiz